000 01180nam0a22002531 4500
001 rc\2814117
005 20260406171037.0
035 _a(NLR Aleph) 006939907
090 _a7632438
_c7632438
100 _a20110915d1945 u y0rusy50 ca
101 0 _arus
102 _aRU
105 _aa z |||||
200 1 _aИнструкция по техническому контролю сырья и готовой продукции на заводах взрывчатых веществ Наркомугля ССР
_e[Утв. 13-го окт. 1944 г.]
_fНар. ком. угольной пром-сти СССР. Отд. заводов взрывчатых веществ
210 _aМосква
_cУглетехиздат
_d1945
_gтип. Наркомугля СССР
215 _a74 с.
_cил., черт.
_d21 см.
710 0 1 _aСССР
_bНародный комиссариат угольной промышленности
_3RU\NLR\AUTH\889938452
_9371749
801 0 _aRU
_bNLR
_gpsbo
801 1 _aRU
_bELAR
_2rusmarc
852 _aNLR
_jТ44 Г-4/168
942 _cBOOK
945 _aРоссийская национальная библиотека
980 _aNB
980 _aBV